LEADER 06933nam 2200709 450 001 9910830834003321 005 20240219135437.0 010 $a1-282-68268-7 010 $a9786612682681 010 $a0-470-38590-1 010 $a0-470-38589-8 024 7 $a10.1002/9780470385906 035 $a(CKB)1000000000719632 035 $a(EBL)427859 035 $a(SSID)ssj0000102894 035 $a(PQKBManifestationID)11122486 035 $a(PQKBTitleCode)TC0000102894 035 $a(PQKBWorkID)10060999 035 $a(PQKB)11152392 035 $a(MiAaPQ)EBC427859 035 $a(CaBNVSL)mat05236646 035 $a(IDAMS)0b00006481094cf4 035 $a(IEEE)5236646 035 $a(OCoLC)352829612 035 $a(PPN)256057648 035 $a(EXLCZ)991000000000719632 100 $a20090527h20152009 uy 0 101 0 $aeng 135 $aur|n|---||||| 181 $ctxt 182 $cc 183 $acr 200 10$aAnalysis and design of autonomous microwave circuits /$fAlmudena Sua?rez 210 1$aHoboken, New Jersey :$cWiley,$dc2009. 210 1$a[Piscataqay, New Jersey] :$cIEEE Xplore,$d2008. 215 $a1 online resource (729 p.) 225 1 $aWiley series in microwave and optical engineering ;$v19 300 $aDescription based upon print version of record. 311 $a0-470-05074-8 320 $aIncludes bibliographical references and index. 327 $aPreface -- 1. Oscillator Dynamics -- 1.1. Introduction -- 1.2. Operational Principle of Free-Running Oscillators -- 1.3. Impedance-Admittance Analysis of an Oscillator -- 1.4. Frequency-Domain Formulation of an Oscillator Circuit -- 1.5. Oscillator Dynamics -- 1.6. Phase Noise -- 2. Phase Noise -- 2.1. Introduction -- 2.2. Random Variable and random Processes -- 2.3. Noise Sources in Electronic Circuits -- 2.4. Derivation of the Oscillator Noise Spectrum Using Time-Domain Analysis -- 2.5. Frequency-Domain Analysis of a Noisy Oscillator -- 3. Bifurcation Analysis -- 3.1. Introduction -- 3.2. Representation of Solutions -- 3.3. Bifurcations -- 4. Injected Oscillators and Frequency Dividers -- 4.1. Introduction -- 4.2. Injection-Locked Oscillators -- 4.3. Frequency Dividers -- 4.4. Subharmonically and Ultrasubharmonically Injection-Locked Oscillators -- 4.5. Self-Oscillating Mixers -- 5. Nonlinear Circuit Simulation -- 5.1. Introduction -- 5.2. Time-Domain Integration -- 5.3. Fast Time-Domain Techniques -- 5.4. Harmonic Balance -- 5.5. Harmonic Balance Analysis of Autonomous and Synchronized Circuit -- 5.6. Envelope Transient -- 5.7. Conversion Matrix Approach -- 6. Stability Analysis Using Harmonic Balance -- 6.1. Introduction -- 6.2. Local Stability Analysis -- 6.3. Stability Analysis of Free-Running Oscillators -- 6.4. Solution Curves Versus a Circuit Parameter -- 6.5.Global Stability Analysis -- 6.6. Bifurcation Synthesis and Control -- 7. Noise Analysis Using Harmonic Balance -- 7.1. Introduction -- 7.2. Noise in Semiconductor Devices -- 7.3. Decoupled Analysis of Phase and Amplitude Perturbations in a Harmonic Balance System -- 7.4. Coupled Phase and Amplitude Noise Calculation -- 7.5. Carrier Modulation Approach -- 7.6. Conversion Matrix Approach -- 7.7. Noise in Synchronized Oscillators -- 8. Harmonic Balance Techniques for Oscillator Design -- 8.1. Introduction -- 8.2. Oscillator Synthesis -- 8.3. Design of Voltage-Controlled Oscillators 327 $a8.4. Maximization of Oscillator Efficiency -- 8.5. Control of Oscillator Transients -- 8.6. Phase Noise Reduction -- 9. Stabilization Techniques for Phase Noise Reduction -- 9.1. Introduction -- 9.2. Self-Injection Topology -- 9.3. Use of High-Q Resonators -- 9.4. Stabilization Loop -- 9.5. Transistor-Based Oscillators -- 10. Coupled-Oscillator Systems -- 10.1. Introduction -- 10.2. Oscillator Systems with Global Coupling -- 10.3. Coupled-Oscillator Systems for Beam Steering -- 11. Simulation Techniques for Frequency-Divider Design -- 11.1. Introduction -- 11.2. Types of frequency dividers -- 11.3. Design of Transistor-Based Regenerative Frequency Dividers -- 11.4. Design of Harmonic Injection Dividers -- 11.5. Extension of the Techniques to Subharmonic Injection Oscillators -- 12. Circuit Stabilization -- 12.1. Introduction -- 12.2. Unstable Class AB Amplifier Using Power Combiners -- 12.3. Unstable Class E/F Amplifier -- 12.4. Unstable Class E Amplifier -- 12.5. Stabilization of Oscillator Circuits -- 12.6. Stabilization of Multifunction MMIC Chips -- Index 330 $aPresents simulation techniques that substantially increase designers' control over the oscillationin autonomous circuits This book facilitates a sound understanding of the free-running oscillation mechanism, the start-up from the noise level, and the establishment of the steady-state oscillation. It deals with the operation principles and main characteristics of free-running and injection-locked oscillators, coupled oscillators, and parametric frequency dividers. Analysis and Design of Autonomous Microwave Circuits provides: . An exploration of the main nonlinear-analysis methods, with emphasis on harmonic balance and envelope transient methods. Techniques for the efficient simulation of the most common autonomous regimes. A presentation and comparison of the main stability-analysis methods in the frequency domain. A detailed examination of the instabilization mechanisms that delimit the operation bands of autonomous circuits. Coverage of techniques used to eliminate common types of undesired behavior, such as spurious oscillations, hysteresis, and chaos. A thorough presentation of the oscillator phase noise. A comparison of the main methodologies of phase-noise analysis. Techniques for autonomous circuit optimization, based on harmonic balance. A consideration of different design objectives: presetting the oscillation frequency and output power, increasing efficiency, modifying the transient duration, and imposing operation bands Analysis and Design of Autonomous Microwave Circuits is a valuable resource for microwave designers, oscillator designers, and graduate students in RF microwave design 410 0$aWiley series in microwave and optical engineering ;$v19 606 $aMicrowave circuits$xMathematical models 606 $aOscillators, Microwave$xAutomatic control 606 $aOscillators, Microwave$xDesign and construction 606 $aSystem analysis 615 0$aMicrowave circuits$xMathematical models. 615 0$aOscillators, Microwave$xAutomatic control. 615 0$aOscillators, Microwave$xDesign and construction. 615 0$aSystem analysis. 676 $a621.381/32 676 $a621.38132 700 $aSua?rez$b Almudena$0383957 801 0$bCaBNVSL 801 1$bCaBNVSL 801 2$bCaBNVSL 906 $aBOOK 912 $a9910830834003321 996 $aAnalysis and design of autonomous microwave circuits$93964723 997 $aUNINA LEADER 05118nam 2200577 450 001 9910815801503321 005 20200508111955.0 010 $a1-350-98589-9 010 $a1-83860-824-9 010 $a1-83860-825-7 024 7 $a10.5040/9781350985896 035 $a(CKB)4100000007878497 035 $a(MiAaPQ)EBC5743833 035 $a(OCoLC)1154458489 035 $a(CaBNVSL)9781350985896 035 $a(MiAaPQ)EBC6164283 035 $a(EXLCZ)994100000007878497 100 $a20200508d2020 uy 0 101 0 $aeng 135 $aurcnu|||||||| 181 $ctxt$2rdacontent 182 $cc$2rdamedia 183 $acr$2rdacarrier 200 00$aCounter-shock $ethe oil counter-revolution of the 1980s /$fedited by Duccio Basosi, Giuliano Garavini and Massimiliano Trentin 205 $aFirst edition. 210 1$aLondon ;$cI.B. Tauris,$d2020. 210 2$aLondon, England :$cBloomsbury Publishing,$d2020 215 $a1 online resource (382 pages) $cillustrations 225 1 $aInternational library of twentieth century history ;$v131 311 $a1-83860-582-7 311 $a1-78831-333-X 320 $aIncludes bibliographical references (pages 357-374) and index. 327 $aIntroduction: Counter-shock and counter-revolution by Duccio Basosi, Giuliano Garavini and Massimiliano Trentin -- Pt. I : Oil prices in context -- 1. Price regimes, price series and price trends: oil shocks and counter-shocks in historical perspective by Giovanni Favero and Angela Faloppa -- 2. The role of the dollar and the justificatory discourse of neoliberalism by David E. Spiro -- 3. The oil market and global finance in the 1980s by Catherine R. Schenk -- 4. Counter-shocked? The oil majors and the price slump of the 1980s by Francesco Petrini -- Pt. II : The producers : OPEC -- 5. Saudi Arabia and the counter-shock of 1986 by Majid Al-Moneef -- 6. Iran and the counter-shock: oil as a weapon (for survival) by Claudia Castiglioni -- 7. Iraq, Saudi Arabia, and the counter-shock by Ibrahim Al-Marashi -- Pt. III : The producerrs : Opec -- 8. Abandoning enforced autarky for re-insertion in the world petroleum market: Mexican oil policy, 1976-86 by Juan Carlos Boue? -- 9. The double shock: the Soviet energy crisis and the oil price collapse of 1986 by Olga Skorokhodova -- 10. The counter-shock in Norwegian oil history by Einar Lie and Dag Harald Claes -- 11. Counter-shock or after-shock? North Sea oil and economics as politics in the UK, 1973-86 by Martin Chick -- Pt. IV : The Consumers -- 12. Reducing dependence on OPEC-oil. The IEA's energy strategy between 1976 and the mid-1980s by Henning Tu?rk -- 13. The United States and the oil price collapse of the 1980s by Victor McFarland -- 14. Back to the future: changes in energy cultures and patterns of consumption in the United States, 1973-86 by Elisabetta Bini -- Pt. V : Energy and environmental challenges -- 15. The rise of environmentalist movements and the debate on alternative sources of energy during the oil crisis in the United States by Angela Santese -- 16. The role of nuclear reactor technology on the development of the nuclear industry and decision making in the context of the price fluctuations of the 1970s and 1980s by Duncan Connors and Eshref Trushin -- 17. A small window. The opportunities for renewable energies from shock to counter-shock by Duccio Basosi -- Bibliography -- Index. 330 $a"The oil price collapse of 1985-6 had momentous global consequences: non-fossil energy sources quickly became uncompetitive, the previous talk of an OPEC 'imperium' was turned upside-down, the Soviet Union lost a large portion of its external revenues, and many Third World producers saw their foreign debts peak. Compared to the much-debated 1973 'oil shock', the 'countershock' has not received the same degree of attention, even though its legacy has shaped the present-day energy scenario. This volume is the first to put the oil `counter-shock' of the mid-1980s into historical perspective. Featuring some of the most knowledgeable experts in the field, Counter-Shock offers a balanced approach between the global picture and local study cases. In particular, it highlights the crucial interaction between the oil counter-shock and the political 'counterrevolution' against state intervention in economic management, put forward by Ronald Reagan and Margaret Thatcher in the same period."--Bloomsbury Publishing. 410 0$aInternational library of twentieth century history ;$v131. 606 $aPetroleum industry and trade$xHistory$y20th century 606 $aPetroleum products$xPrices$xHistory$y20th century 606 $2Petroleum & oil industries 615 0$aPetroleum industry and trade$xHistory 615 0$aPetroleum products$xPrices$xHistory 676 $a381/.422809048 702 $aBasosi$b Duccio$f1974- 702 $aGaravini$b Giuliano$f1976- 702 $aTrentin$b Massimiliano 801 0$bYDX 801 1$bCaBNVSL 801 2$bCaBNVSL 906 $aBOOK 912 $a9910815801503321 996 $aCounter-shock$93925458 997 $aUNINA